Statystyki dla Największe miasta imperium Bydgoskiego

Kliknij tutaj aby rozwiązać quiz!

Ogólne statystyki

  • Ten quiz został rozwiązany 106 razy
  • Średni wynik to 5 z 13

Statystyki odpowiedzi

HintOdpowiedź% Poprawnych
2. 354 006 ludziBydgoszcz
98%
3. 200 000 ludziToruń
81%
1. 582 205 ludziGdańsk
58%
6. 111 086 ludziWłocławek
52%
7. 94 406 ludziGrudziądz
48%
8. 71 674 ludziInowrocław
41%
4. 120 338 ludziPłock
31%
5. 119 308 ludziElbląg
26%
11. 38 723 ludziMalbork
20%
13. 35 049 ludziSopot
20%
9. 60 257 ludziTczew
19%
12. 38 553 ludziKwidzyn
13%
10. 48 136 ludziStarogard Gdański
7%

Rozkład punktacji

Percentyl według liczby udzielonych odpowiedzi

Procent ludzi z każdym wynikiem

Twoja historia wyników

Nie rozwiązałeś tego quizu